Propuesta de un diseño de estrategias de mercadeo para la adicción y mejora de la Industria Hotelera en los municipios de Ahuachapán, Ataco, Apaneca, Tacuba en el Departamento de Ahuachapán. (Registro nro. 10199)

Detalles MARC
000 -LEADER
fixed length control field 00821nam a2200205Ia 4500
005 - FECHA Y HORA DE LA ÚLTIMA TRANSACCIÓN
control field 20231218100951.0
008 - FIXED-LENGTH DATA ELEMENTS--GENERAL INFORMATION
fixed length control field 231216s9999 xx 000 0 und d
040 ## - CATALOGING SOURCE
Original cataloging agency UPAN
Transcribing agency Biblioteca San Vicente
Description conventions RCAA2
041 ## - LANGUAGE CODE
Language code of text/sound track or separate title spa
082 ## - DEWEY DECIMAL CLASSIFICATION NUMBER
Classification number 338.479
Item number Aya
año de publicación 2007
100 ## - MAIN ENTRY--PERSONAL NAME
Personal name Ayala, Pedro Estanislao
Relator code aut.
245 #0 - TITLE STATEMENT
Title Propuesta de un diseño de estrategias de mercadeo para la adicción y mejora de la Industria Hotelera en los municipios de Ahuachapán, Ataco, Apaneca, Tacuba en el Departamento de Ahuachapán.
260 ## - PUBLICATION, DISTRIBUTION, ETC. (IMPRINT)
Place of publication, distribution, etc Ahuachapán:
Name of publisher, distributor, etc Universidad Panamericana,
Date of publication, distribution, etc 2007
300 ## - PHYSICAL DESCRIPTION
Extent 154 p.;
Dimensions 28 cm.
650 ## - SUBJECT ADDED ENTRY--TOPICAL TERM
Source of heading or term LEMB
Topical term or geographic name as entry element Mercadeo
700 ## - ADDED ENTRY--PERSONAL NAME
Personal name Saldaña Ortìz, Yoni Walter
Relator code aut.
700 ## - ADDED ENTRY--PERSONAL NAME
Personal name Villalta Silva, Reinaldo Antonio
Relator code aut.
700 ## - ADDED ENTRY--PERSONAL NAME
Personal name Castaneda Escalante, Francis Antony
Relator code aut.
942 ## - ADDED ENTRY ELEMENTS (KOHA)
Koha item type Libros
Source of classification or shelving scheme Dewey Decimal Classification
Existencias
Withdrawn status Lost status Source of classification or shelving scheme Damaged status Not for loan Collection code Home library Current library Date acquired Total Checkouts Full call number Barcode Date last seen Copy number Price effective from Koha item type
    Dewey Decimal Classification     Tesario Biblioteca UPAN San Vicente Biblioteca UPAN San Vicente 17/12/2023   338.479 Aya 12100050 17/12/2023 01 17/12/2023 Trabajos de Grado